AutoCAD and AutoCAD LT (Record no. 111023)
[ view plain ]
| 000 -LEADER | |
|---|---|
| fixed length control field | 02258cam a22002535a 4500 |
| 001 - CONTROL NUMBER | |
| control field | L150919 |
| 008 - FIXED-LENGTH DATA ELEMENTS--GENERAL INFORMATION | |
| fixed length control field | 100915s2010 xxk f 000 0 eng d |
| 020 ## - INTERNATIONAL STANDARD BOOK NUMBER | |
| International Standard Book Number | 9780470901427 |
| 035 ## - SYSTEM CONTROL NUMBER | |
| System control number | (Sirsi) u150919 |
| 041 0# - LANGUAGE CODE | |
| Language code of text/sound track or separate title | eng |
| 050 04 - LIBRARY OF CONGRESS CALL NUMBER | |
| Classification number | 620.004 $2 18 |
| 100 1# - MAIN ENTRY--PERSONAL NAME | |
| Personal name | Gladfelter, Donnie |
| 245 00 - TITLE STATEMENT | |
| Title | AutoCAD and AutoCAD LT |
| Medium | [electronic resource] |
| 260 ## - PUBLICATION, DISTRIBUTION, ETC. | |
| Name of publisher, distributor, etc. | Sybex Inc |
| Date of publication, distribution, etc. | 2010 |
| 300 ## - PHYSICAL DESCRIPTION | |
| Extent | eBook |
| 505 2# - FORMATTED CONTENTS NOTE | |
| Formatted contents note | 1 Getting to Know AutoCAD -- 2 Learning Basic Commands to Get Started -- 3 Setting Up a Drawing -- 4 Developing Drawing Strategies: Part 1 -- 5 Developing Drawing Strategies: Part 2 -- 6 Using Layers to Organize Your Drawing -- 7 Combining Objects into Blocks -- 8 Controlling Text in a Drawing -- 9 Using Dynamic Blocks and Tables -- 10 Generating Elevations -- 11 Working with Hatches, Gradients, and Tool Palettes -- 12 Dimensioning a Drawing -- 13 Managing External References -- 14 Using Layouts to Set Up a Print -- 15 Printing an AutoCAD Drawing -- 16 Creating 3D Geometry -- 17 Rendering and Materials |
| 520 ## - SUMMARY, ETC. | |
| Summary, etc. | A step-by-step tutorial on AutoCAD and AutoCAD LT basics AutoCAD is the leading drawing software, used by design and drafting professionals to create 2D and 3D technical drawings. This tutorial is aimed at AutoCAD novices and provides you with the essentials you need so you can acquire the necessary skills to work in AutoCAD and AutoCAD LT. You'll begin with the basics and gradually progress to more advanced topics and features, such as grouping, elevations, hatches, and using text in drawings. Concise explanations, focused examples, and step-by-step instructions round out this hands-on tutorial. * Begins with the basics of AutoCAD and AutoCAD LT, the leading 2D and 3D drawing software * Progresses to more advanced topics and skill sets and covers grouping, hatches, and text in drawings * Introduces dimensioning, external references, layouts and printing, and using 3D Contains helpful examples and step-by-step instructions. |
| 521 ## - TARGET AUDIENCE NOTE | |
| Target audience note | ka |
| 650 24 - SUBJECT ADDED ENTRY--TOPICAL TERM | |
| Topical term or geographic name entry element | EBOOK |
| 651 #4 - SUBJECT ADDED ENTRY--GEOGRAPHIC NAME | |
| Geographic name | INTERNATIONAL |
| 690 ## - LOCAL SUBJECT ADDED ENTRY--TOPICAL TERM (OCLC, RLIN) | |
| Topical term or geographic name as entry element | MANAGEMENT-BUSINESS MANAGEMENT-INFORMATION MANAGEMENT |
| 856 40 - ELECTRONIC LOCATION AND ACCESS | |
| Uniform Resource Identifier | <a href="https://www.vlebooks.com/">https://www.vlebooks.com/</a> |
| Public note | View on VLEbooks. Logins for members only from [email protected] |
| 942 ## - ADDED ENTRY ELEMENTS (KOHA) | |
| Suppress in OPAC | 0 |
| Withdrawn status | Lost status | Source of classification or shelving scheme | Damaged status | Not for loan | Home library | Current library | Shelving location | Date acquired | Total Checkouts | Full call number | Barcode | Date last seen | Copy number | Price effective from | Koha item type |
|---|---|---|---|---|---|---|---|---|---|---|---|---|---|---|---|
| Dewey Decimal Classification | Virtual | Virtual | Online | 15/09/2010 | EBOOK | 150919-1001 | 06/08/2019 | 1 | 06/08/2019 | Book |